LEADER 00891nam0-22003011i-450 001 990001753030403321 005 20190604114519.0 035 $a000175303 035 $aFED01000175303 035 $a(Aleph)000175303FED01 035 $a000175303 100 $a20030910d1988----km-y0itay50------ba 101 0 $aita 200 1 $aAtti$eXVIII convegno peschicolo, Cesena 3 maggio 1986$fa cura di Silviero Sansavini 210 $aForli-Ravenna$cCamera di Commercio Industria Artigianato e Agricoltura$d1988 215 $a243 p.$d24 cm 532 11$a18 610 0 $aPesche 676 $a634.25 702 1$aSansavini,$bSilviero 710 12$aConvegno peschicolo$d<18. ;$f1986 ;$eCesena>$0355949 801 0$aIT$bUNINA$gRICA$2UNIMARC 901 $aBK 912 $a990001753030403321 952 $a60 634.25 COPE 1988$b3024$fFAGBC 959 $aFAGBC 996 $aAtti$9363390 997 $aUNINA LEADER 01085nam a2200289 i 4500 001 991000708219707536 005 20020507172542.0 008 970214s1974 de ||| | eng 020 $a3540068414 035 $ab10746122-39ule_inst 035 $aLE01301040$9ExL 040 $aDip.to Matematica$beng 082 0 $a001.642 084 $aAMS 68N05 084 $aAMS 68Q45 245 00$aAutomata, languages and programming :$bend colloquium, University of Saarbruchen July 29-August 2, 1974 /$cedited by Jacques Loeckx 260 $aBerlin :$bSpringer-Verlag,$c1974 300 $a619 p. ;$c24 cm 490 0 $aLecture notes in computer science,$x0302-9743 ;$v14 650 4$aProgramming languages$xCongresses 700 1 $aLoeckx, Jacques J. C. 907 $a.b10746122$b23-02-17$c28-06-02 912 $a991000708219707536 945 $aLE013 68N LOE12 (1974)$g1$i2013000076843$lle013$o-$pE0.00$q-$rl$s- $t0$u0$v0$w0$x0$y.i10838387$z28-06-02 996 $aAutomata, languages and programming$9339738 997 $aUNISALENTO 998 $ale013$b01-01-97$cm$da $e-$feng$gde $h0$i1